Pingulala General Knowledge 2 (Normal) - Statistics

General Stats
  • This quiz has been taken 13 times
    10 since last reset
  • The average score is 15 of 20
Answer Stats
Hint Answer % Correct
In which year did the Titanic sink? 1912
100%
What color is the gemstone sapphire typically? Blue
100%
Which country is the world’s largest producer of coffee? Brazil
100%
What is the symbol for the chemical element oxygen? O
100%
What type of tree produces acorns? Oak
100%
Which country is famous for its tulips and windmills? The Netherlands
100%
Which famous scientist developed the theory of relativity? Albert Einstein
90%
What is the official language of Egypt? Arabic
90%
Who painted the Mona Lisa? Leonardo da Vinci
90%
Who is the Greek god of the sea? Poseidon
90%
Who discovered penicillin? Alexander Fleming
80%
Which city is known as the "City of Love"? Paris
80%
What was the name of the ship that carried the Pilgrims to America in 1620? The Mayflower
80%
Who directed the movie "Jurassic Park"? Steven Spielberg
70%
Which sport is known as "the king of sports"? Football
60%
What is the longest mountain range in the world? The Andes
60%
What is the national flower of Japan? Cherry Blossom
50%
What is the longest-running Broadway musical? The Phantom of the Opera
50%
What is the smallest bone in the human body? Stapes
40%
Which luxury fashion brand is known for its signature red-soled high heels? Christian Louboutin
10%
No matching quizzes found
Score Distribution
Percent of People with Each Score
Percentile by Number Answered
Your Score History
You have not taken this quiz since the last reset